000 00879nam a2200241 a 4500
003 MX-MxUPN
005 20240530063900.0
008 991125s1990 mx fr 000 0 spa d
020 _a9682936583
035 _aUPN01000008165
040 _aMX-MxUPN
_bspa
_cMX-MxUPN
041 _aspa
050 4 _aHD6477
_bM4.2
111 2 _aMemoria del Seminario Internacional de Estudios Filosóficos
_n(7o :
_d1990 :
_cMéxico, D.F.)
245 1 0 _aCincuenta aniversario de la Confederación de Trabajadores de América Latina 1938/1988
250 _aPrimera edición
260 _aMéxico, D.F. :
_bCentro de Estudios Filosóficos, Políticos y Sociales "Vicente Lombardo Toledano",
_c1990.
300 _a199 páginas
610 2 0 _aConfederación de Trabajadores de América Latina
_911491
650 4 _aSindicalismo
_zAmérica Latina
_914417
905 _aLibro
942 _2lcc
_cLIBRO
_n0
999 _c8165
_d8165